000 00674nam a2200205 a 4500
008 120416s1999 ||||||||||||||||| || u
020 _a0240803647
050 _aTK 7881.9 Vas
100 _aVasey, John
245 1 0 _aConcert sound and lighting systems
250 _a3rd ed.
260 _aBoston :
_bFocal Press
_c1999.
300 _axiii ; 201p. ; ill.
350 _a0.00
650 _aENGINEERING
650 _aSTAGE LIGHTING
650 _aCONCERT TOURS
650 _aTHEATERS--ELECTRONIC SOUND CONTROL
995 _D0.00
_FCBU-MAIN LIBRARY (Kitwe)
_H1
_I0.00
_M1
_UAVAILABLE
_ZMain Library Open Access Collection
999 _c38350
_d38350